Countries From Four Words #12 - Statistics

General Stats
  • This quiz has been taken 322 times
  • The average score is 6 of 12
Answer Stats
Answer % Correct
Cuba
99%
Iran
57%
Austria
56%
Armenia
50%
Nauru
48%
Brunei
43%
Benin
40%
Turkmenistan
40%
Ukraine
40%
Serbia
35%
Burma
34%
Suriname
28%
No matching quizzes found
Score Distribution
Percent of People with Each Score
Percentile by Number Answered
Your Score History
You have not taken this quiz